[Event "Chigorin Memorial 07th"]
[Site "St Petersburg"]
[Date "1999.11.09"]
[Round "8"]
[White "Pesiakov, Valentin"]
[Black "Medvedkov, Anton"]
[Result "1/2-1/2"]
[WhiteElo "2348"]
[BlackElo "2188"]
[PlyCount "82"]
[EventDate "1999.11.02"]
[EventType "swiss"]
[EventRounds "9"]
[EventCountry "RUS"]
[SourceTitle "CBM 074"]
[Source "ChessBase"]
[SourceDate "2000.02.01"]
[SourceVersion "1"]
[SourceVersionDate "2000.02.01"]
[SourceQuality "1"]

1. d4 Nf6 2. c4 g6 3. Nc3 Bg7 4. e4 0-0 5. f3 d6 6. Be3 Nc6 7. Qd2 a6 8. 0-0-0 e5 9. d5 Ne7 10. Kb1 Bd7 11. Bd3 Rb8 12. Bc2 b5 13. c5 dxc5 14. Bxc5 Re8 15. g4 Nc8 16. Nce2 Nd6 17. Ng3 Bc8 18. b3 Nd7 19. Be3 b4 20. h4 a5 21. h5 Nb5 22. N1e2 Nb6 23. Bd3 Na3+ 24. Kb2 Qd6 25. Rc1 Nxd5 26. Bc5 Qf6 27. hxg6 hxg6 28. Nd4 exd4 29. Qh2 Ne7 30. Nf5 Bxf5 31. exf5 Qe5 32. Qh7+ Kf8 33. Rhe1 Qf4 34. Rxe7 Rxe7 35. Bxe7+ Kxe7 36. Qxg7 Qd2+ 37. Rc2 Nxc2 38. Qe5+ Kd8 39. Qd5+ Ke7 40. Qe5+ Kd8 41. Qd5+ Ke7 1/2-1/2

[Event "Chigorin Memorial 07th"]
[Site "St Petersburg"]
[Date "1999.11.08"]
[Round "7"]
[White "Chupin, Vitalij"]
[Black "Pesiakov, Valentin"]
[Result "1-0"]
[WhiteElo "2216"]
[BlackElo "2348"]
[PlyCount "69"]
[EventDate "1999.11.02"]
[EventType "swiss"]
[EventRounds "9"]
[EventCountry "RUS"]
[SourceTitle "CBM 074"]
[Source "ChessBase"]
[SourceDate "2000.02.01"]
[SourceVersion "1"]
[SourceVersionDate "2000.02.01"]
[SourceQuality "1"]

1. e4 e6 2. b3 d5 3. Bb2 dxe4 4. Nc3 Nf6 5. g4 b6 6. Bg2 Bb7 7. Qe2 h6 8. 0-0-0 Nc6 9. Nxe4 Be7 10. Qb5 Qd7 11. Nxf6+ Bxf6 12. Bxf6 gxf6 13. Ne2 0-0-0 14. d4 Qd6 15. Kb2 Rhg8 16. Qh5 Ba6 17. Ng3 Nb4 18. Rhe1 Rd7 19. Qxh6 Rxg4 20. Rd2 Bb7 21. Bxb7+ Kxb7 22. Ne4 Qf4 23. Qxf6 Qxh2 24. Qf3 Rxe4 25. Qxe4+ c6 26. Qe5 Qg2 27. Qg3 Qd5 28. c3 Na6 29. Rde2 Nc7 30. Re5 Qd6 31. Rh5 Qe7 32. Re2 Nd5 33. Rh8 Nc7 34. Qg8 Ne8 35. Qxe8 1-0

[Event "Chigorin Memorial 07th"]
[Site "St Petersburg"]
[Date "1999.11.04"]
[Round "3"]
[White "Shcherbakov, Ruslan"]
[Black "Pesiakov, Valentin"]
[Result "1-0"]
[WhiteElo "2541"]
[BlackElo "2348"]
[PlyCount "119"]
[EventDate "1999.11.02"]
[EventType "swiss"]
[EventRounds "9"]
[EventCountry "RUS"]
[SourceTitle "CBM 074"]
[Source "ChessBase"]
[SourceDate "2000.02.01"]
[SourceVersion "1"]
[SourceVersionDate "2000.02.01"]
[SourceQuality "1"]

1. d4 d5 2. c4 c6 3. Nf3 Nf6 4. Nc3 a6 5. Bg5 Ne4 6. Bf4 Nxc3 7. bxc3 dxc4 8. g3 b5 9. Bg2 Bb7 10. Ne5 f6 11. Nxc4 bxc4 12. Rb1 e5 13. Rxb7 exf4 14. Qb1 Be7 15. Qf5 g6 16. Qe6 Qd6 17. Qxc4 Kf8 18. 0-0 Kg7 19. gxf4 Rc8 20. e4 Rc7 21. e5 Qd7 22. Rb2 Qg4 23. Re1 Nd7 24. e6 Nf8 25. d5 Bd6 26. dxc6 Re8 27. Rd2 Qxf4 28. Rd4 Qxh2+ 29. Kf1 Be5 30. Rh4 Qxh4 31. Qxh4 Nxe6 32. Qc4 a5 33. Rb1 Nf4 34. Bf3 Rd8 35. Rd1 Rxd1+ 36. Bxd1 h5 37. Bf3 g5 38. Qc5 a4 39. Qa5 g4 40. Be4 h4 41. Qxa4 Bxc3 42. Qd1 Be5 43. Qxg4+ Kf8 44. Qxh4 Ke7 45. Qh8 Ne6 46. Qa8 Bd4 47. Qa3+ Bc5 48. Qc3 Bd6 49. Bd5 Nf4 50. Qe3+ Be5 51. Be4 Rc8 52. Qa7+ Rc7 53. Qc5+ Bd6 54. Qe3 Be5 55. a4 Rc8 56. Qa7+ Rc7 57. Qc5+ Ke6 58. a5 Bd6 59. Qf5+ Ke7 60. a6 1-0